000 00329nam a2200133Ia 4500
008 210210b1981 xxu||||| |||| 00| 0 eng d
082 _a920 TMAP
100 _a-
245 _aTMA Pai a memoir from messages
260 _aManipal.
_bAcademy Of General Education.,
_c1981
300 _a156
690 _aBiography
906 _a044228
999 _c93463
_d93463